000 00393cam a22001457a 4500
008 180718b2009 xxu||||| |||| 00| 0 eng d
020 _a9789380289083
082 _aG932x54 M691
100 _aMishra, S. N.
245 _aIndian penal code
_cby S. N. Mishra
250 _a17th ed.
260 _aAllahabad
_bCentral Law
_c2009
300 _a832p.
650 _aIndia (Republic) Criminal law 1947-
999 _c439673
_d439673